Movie Analogies - Statistics

General Stats
  • This quiz has been taken 360 times
    242 since last reset
  • The average score is 9 of 20
Answer Stats
Analogy As... % Correct
Angry Men is to 12 Dalmatians is to {101}
88%
Pulp Fiction is to Quentin Tarantino Jurassic Park is to {Steven} {Spielberg}
82%
Pixar is to The Incredibles Marvel is to {The} {Avengers}
65%
Gandalf is to Magneto Han Solo is to {Indiana} {Jones}
59%
Episode IV is to 1977 Episode I is to {1999}
57%
Life is Beautiful is to Italy Spirited Away is to {Japan}
57%
The Two Towers is to Lord of the Rings The Desolation of Smaug is to {The} {Hobbit}
57%
Heath Ledger is to The Dark Knight Jared Leto is to {Suicide} {Squad}
52%
Leonardo DiCaprio is to Inception Matthew McConaughey is to {Interstellar}
51%
Shawshank Redemption is to Stephen King The Godfather is to {Mario} {Puzo}
45%
M. Night Shyamalan is to plot twists Michael Bay is to {explosions}
42%
Harry Potter is to Warner Bros. Jaws is to {Universal}
39%
Rise of the Silver Surfer is to Fantastic Four Revenge of the Fallen is to {Transformers}
35%
Eliot Ness is to Kevin Costner Al Capone is to {Robert} {De} {Niro}
31%
Alice in Wonderland is to novel Pirates of the Caribbean is to {attraction}
29%
Gladiator is to Hans Zimmer Superman is to {John} {Williams}
26%
Jim Caviezel is to Passion of the Christ Willem Dafoe is to {Last} {Temptation} {of} {Christ}
22%
Driving Miss Daisy is to Jessica Tandy The Father is to {Anthony Hopkins}
21%
2016 is to La La-- I mean, Moonlight 1976 is to {Rocky}
10%
Morgan Freeman is to Deep Impact Jamie Foxx is to {White} {House} {Down}
10%
No matching quizzes found
Score Distribution
Percent of People with Each Score
Percentile by Number Answered
Your Score History
You have not taken this quiz since the last reset